The unquiet woods : ecological change and peasant resistance in the Himalaya /

Bibliographic Details
Main Author: Guha, Ramachandra
Format: Book
Language:English
Published: Berkeley : University of California Press, 1900.
Edition:1st University of California Press ed.
Subjects:

MARC

Tag First Indicator Second Indicator Subfields
LEADER 00000cam a22000008a 4500
001 in00000972782
005 20150927111229.0
008 890828s1990 cau b s00110 eng
010 |a  89020321  
020 |a 0520065018 (alk. paper) 
035 |a (OCoLC)20353397 
035 |9 AEW0818AM 
040 |a DLC  |c DLC  |d TXA  |d UtOrBLW 
043 |a a-ii--- 
049 |a TXAM 
050 0 0 |a SD414.I5  |b G84 1990 
082 0 |a 333.75/0954/2  |2 20 
100 1 |a Guha, Ramachandra. 
245 1 4 |a The unquiet woods :  |b ecological change and peasant resistance in the Himalaya /  |c Ramachandra Guha. 
250 |a 1st University of California Press ed. 
263 |a 9006 
264 1 |a Berkeley :  |b University of California Press,  |c 1900. 
300 |a 214 pages  
336 |a text  |b txt  |2 rdacontent 
337 |a unmediated  |b n  |2 rdamedia 
338 |a volume  |b nc  |2 rdacarrier 
504 |a Includes bibliographical references and index. 
650 0 |a Chipko movement  |z India  |z Uttar Khand Region  |x History. 
650 0 |a Chipko movement  |x History. 
650 0 |a Forests and forestry  |x Social aspects  |z India  |z Uttar Khand Region  |x History. 
650 0 |a Peasant uprisings  |z India  |z Uttar Khand Region  |x History. 
650 0 |a Forest policy  |z India  |z Uttar Khand Region  |x History. 
650 0 |a Forest management  |z India  |z Uttar Khand Region  |x History. 
650 0 |a Human ecology  |z India  |z Uttar Khand Region  |x History. 
999 |a MARS 
999 f f |s 8fe7df4f-dff9-358d-adc2-85f87da13bf4  |i 508464b4-ef94-3f79-8f36-40cbf0d3e4aa  |t 0 
952 f f |p ric  |a Texas A&M University  |b Rellis Campus  |c Joint Library Facility  |d Remote Storage  |t 0  |e SD414.I5 G84 1990  |h Library of Congress classification  |i unmediated -- volume  |m A14814025289 
998 f f |a SD414.I5 G84 1990  |t 0  |l Remote Storage